| 000 | 01301nam a2200265Ia 4500 | ||
|---|---|---|---|
| 999 |
_c54765 _d54765 |
||
| 001 | 21832 | ||
| 003 | GE_BSU | ||
| 005 | 20220531144745.0 | ||
| 008 | 181216s ||||ge |||||||||||||| ||geo|| | ||
| 020 | _a99940-22-07-5 | ||
| 040 | _cGE_BSU | ||
| 041 | _ageo | ||
| 080 | _a821.353.1(072) გ-93 | ||
| 100 |
_aგულდამაშვილი, ეთერ _913913 |
||
| 245 |
_aმშობლიური ლიტერატურა : მე-5 კლ. : _bსახელმძღვანელო / _cეთერ გულდამაშვილი, ნონა ლეიაშვილი, მიმოზა სოსელია ; მხატვ. ჯემალ ხუციშვილი. |
||
| 264 |
_aთბილისი : _bინტელექტი, _c2004. |
||
| 300 |
_a184 გვ. : _b ნახატ. ; _c 29 სმ. |
||
| 541 | _h8 ლ. | ||
| 653 | _aმშობლიური ლიტერატურა | ||
| 653 | _aქართული ლიტერატურა | ||
| 700 |
_aლეიაშვილი, ნონა _eავტორი _913789 |
||
| 700 |
_aსოსელია, მიმოზა _eავტორი _913790 |
||
| 700 |
_a ხუციშვილი, ჯემალ _eრედაქტორი _913914 |
||
| 942 |
_cBK _2udc |
||